Escapa del Tocino (Record no. 635)
[ view plain ]
| 000 -CABECERA | |
|---|---|
| campo de control de longitud fija | 01733nam a22002774c 4500 |
| 003 - IDENTIFICADOR DE NUMERO DE CONTROL | |
| campo de control | AR-BaSMT |
| 008 - CAMPOS DE LONGITUD FIJA | |
| campo de control de longitud fija | 260430b2026 aga|||br|||| 000 1bspa d |
| 020 ## - ISBN: Indicadores indefinidos | |
| Número ISBN | 9789877365818 |
| 040 ## - FUENTE DE CATALOGACION | |
| Agencia de catalogación original | BSGB |
| Idioma de catalogación | español |
| Agencia que realiza la transcripción | BSGB |
| Convenciones de la descripción | rda |
| 041 0# - CODIGO DE IDIOMA | |
| Código idioma | spa |
| Idioma original | español |
| 080 ## - CDU | |
| CDU completo | 82-31 |
| 100 1# - PUNTO DE ACCESO PRINCIPAL | |
| Nombre de persona | Roxicake |
| Enlace autoridades | 474 |
| 245 10 - MENCION DE TITULO | |
| Título | Escapa del Tocino |
| 250 ## - MENCION DE EDICION | |
| Mención de edición | Primera edición |
| 264 ## - PRODUCCIÓN, PUBLICACIÓN, DISTRIBUCIÓN, ETC. | |
| Lugar de publicación, etc. | Buenos aires : |
| Nombre editor. | Altea , |
| Fecha | 2026 |
| 300 ## - DESCRIPCION FISICA | |
| Extensión | 112 páginas ; |
| Otros detalles físicos | ilustraciones color |
| 336 ## - TIPO DE CONTENIDO | |
| rdacontent | rdacontent |
| texto | texto |
| txt | txt |
| 337 ## - TIPO DE MEDIO | |
| rdamedia | rdamedia |
| sin mediación | sin mediacion |
| n | n |
| 338 ## - TIPO DE SOPORTE | |
| rdacarrier | rdacarrier |
| volumen | volumen |
| nc | nc |
| 520 1# - NOTA DE SUMARIO, RESUMEN, ETC. | |
| Toda la nota | Cucarachoxi y Tocino son dos habitantes de ciudad Oxi, una ciudad que abraza a los marginales y en la que todos conviven en paz y armonía. Aunque son muy distintos, son mejores amigos. Un día, Cucarachoxi ve a su amigo caminando por la vereda, pero actúa muy raro, tiene un reloj retrofuturista y ¡oh! Acaba de disparar un rayo verde que hace desaparecer uno a uno a los habitantes de Ciudad Oxi. Cucarachoxi intenta hablarle pero ¡ZAP! También ella es teletransportada.<br/><br/>Cuando despierta, está en una fábrica de juguetes abandonada. Con la intención de escapar, logra acceder a los conductos de ventilación y en su camino se da cuenta de que no hay un solo Tocino, sino 2, 3, ¡infinitos Tocinos! ¿qué está pasando? En este libro de escape, Cucarachoxi se irá encontrando con distintos personajes muy conocidos por todos los fanáticos de RoxiCake Gamer: Arañoxi, Cajoxi, Bananoxi, Roxisaurio. Y juntos deberán escapar y reestablecer el orden en Ciudad Oxi. |
| 521 ## - NOTA DE PÚBLICO DESTINATARIO | |
| Nota de audiencia | A partir de 7 años |
| 650 #7 - PUNTO DE ACCESO ADICIONAL DE MATERIA – TÉRMINO TEMÁTICO | |
| Enlace autoridades | 8 |
| Término de materia o nombre geográfico como elemento de entrada | LITERATURA INFANTIL |
| 650 #7 - PUNTO DE ACCESO ADICIONAL DE MATERIA – TÉRMINO TEMÁTICO | |
| Enlace autoridades | 34 |
| Término de materia o nombre geográfico como elemento de entrada | NOVELA DE AVENTURAS |
| 942 ## - ELEMENTOS AGREGADOS (KOHA) | |
| CDU | Clasificación Decimal Dewey |
| Tipo de ítem | Libros |
| Disponible | Perdido | Fuente de clasificación | Estado | Ubicación permanente | Locación actual | Estante o sala | Fuente de adquisición | Número de inventario | Total préstamos | Signatura topográfica | Código de barras | Numero de ejemplar | Tipo de item de Koha | Calificador de localización códificado |
|---|---|---|---|---|---|---|---|---|---|---|---|---|---|---|
| Clasificación Decimal Dewey | Biblioteca Susana G. De Batemarco | Biblioteca Susana G. De Batemarco | Verde | Compra Feria del Libro 2026 | 000877 | 82-31 ROX | 000877 | 1 | Libros |
